| 000 | 00560nam a22001817a 4500 | ||
|---|---|---|---|
| 005 | 20251108172656.0 | ||
| 008 | 250721s1997 xx 000 0 ara d | ||
| 082 | 1 | 4 | _a657.42/رزق |
| 100 | 1 |
_aالرزق، صالح عبدالله _eمؤلف |
|
| 245 | 1 | 0 | _aمحاسبة التكاليف الفعلية / |
| 264 | 1 |
_aعمان : _bدار زهران، _c1997. |
|
| 300 | _a492ص | ||
| 650 | 1 | 7 | _aالمحاسبة |
| 650 | 1 | 7 | _aمحاسبة التكاليف |
| 700 | 1 |
_aخليل، عطاالله _eمؤلف مشارك |
|
| 942 |
_2ddc _cBK |
||
| 999 |
_c85645 _d85645 |
||